书目信息 |
| 题名: |
家庭私房菜
|
|
| 作者: | 李建国 , 李华夏 主编 | |
| 分册: | ||
| 出版信息: | 济南 山东科学技术出版社 2007.07 |
|
| 页数: | 192页 | |
| 开本: | 24cm | |
| 丛书名: | ||
| 单 册: | ||
| 中图分类: | TS972.12 | |
| 科图分类: | ||
| 主题词: | 菜谱--cai pu | |
| 电子资源: | ||
| ISBN: | 978-7-5331-4731-0 | |
| 000 | 00802nam0 2200241 450 | |
| 001 | 012007565038 | |
| 005 | 20071203174002.25 | |
| 010 | @a978-7-5331-4731-0@dCNY25.00 | |
| 100 | @a20071203d2007 km y0chi0120 ea | |
| 101 | 0 | @achi |
| 102 | @aCN@b370000 | |
| 105 | @aa z 000yy | |
| 106 | @ar | |
| 200 | 1 | @a家庭私房菜@Ajia ting si fang cai@f李建国, 李华夏主编@Fli jian guo,li hua xia zhu bian |
| 210 | @a济南@c山东科学技术出版社@d2007.07 | |
| 215 | @a192页@c图@d24cm | |
| 330 | @a本书介绍了近500种不同风味=、好吃易做的私房菜肴。本书在写作中力求简便,易学易懂,书中每道菜谱中都包括原料等。 | |
| 606 | 0 | @a菜谱@Acai pu |
| 690 | @aTS972.12@v4 | |
| 701 | 0 | @a李建国@Ali jian guo@4主编 |
| 701 | 0 | @a李华夏@Ali hua xia@4主编 |
| 801 | 0 | @aCN@bQSSK@c20071203 |
| 905 | @b269645-47@dTS972.12@eL181@f3 | |
| 家庭私房菜/李建国, 李华夏主编.-济南:山东科学技术出版社,2007.07 |
| 192页:图;24cm |
| ISBN 978-7-5331-4731-0:CNY25.00 |
| 本书介绍了近500种不同风味=、好吃易做的私房菜肴。本书在写作中力求简便,易学易懂,书中每道菜谱中都包括原料等。 |
| ● |
| 相关链接 |
|
|
|
正题名:家庭私房菜
索取号:TS972.12/L181
 
预约/预借
| 序号 | 登录号 | 条形码 | 馆藏地/架位号 | 状态 | 备注 |
| 1 | 269645 | 202696458 | 自科库501/ [索取号:TS972.12/L181] | 在馆 | |
| 2 | 269646 | 202696467 | 自科库501/ [索取号:TS972.12/L181] | 在馆 | |
| 3 | 269647 | 202696476 | 自科库501/501自科库 45排2列5层/ [索取号:TS972.12/L181] | 在馆 |